00362nam a22001331i 450000100060000010000410000610100080004720000510005521500150010630000300012170000250015170200260017621000260020214924 a20170304u u u0frey50 ba0 apor1 fM. R. KopmeyeraO Poder do Pensamento Positivo a391pd21cm aOferta de Margarida Rocha 1aKopmeyerbM. R.4070 1aTeixeirabTeresa4730 cBrasiliaaPortod1986